[Event "Titled Tue 1st Jul Late"]
[Site "chess.com INT"]
[Date "2025.07.01"]
[Round "6"]
[White "Pakleza, Zbigniew"]
[Black "Burovic, Rijad"]
[Result "1/2-1/2"]
[WhiteTitle "GM"]
[BlackTitle "IM"]
[WhiteElo "2484"]
[BlackElo "2420"]
[WhiteFideId "1119290"]
[BlackFideId "14407701"]
[EventDate "2025.07.01"]

1. d4 g6 2. Nf3 d6 3. Bf4 Bg7 4. e3 Nd7 5. h3 e5 6. Bh2 Nh6 7. Be2 O-O 8. O-O f5
9. c4 Nf7 10. Nc3 c6 11. Qc2 Qf6 12. Rad1 g5 13. dxe5 dxe5 14. e4 f4 15. b4 h5
16. Nd2 Qg6 17. c5 g4 18. hxg4 hxg4 19. Nc4 g3 20. Nd6 gxh2+ 21. Kxh2 Nxd6 22.
Rxd6 Qh7+ 23. Kg1 Nf6 24. Rfd1 Ng4 25. Bxg4 Bxg4 26. f3 Bh5 27. Kf2 Bg6 28. b5
Rad8 29. bxc6 bxc6 30. Ke2 Rb8 31. Rxc6 Bf7 32. Nd5 Qh2 33. Kd3 Rfd8 34. Kc4
Rbc8 35. Rxc8 Rxc8 36. Kb4 Bf8 37. Nf6+ Kg7 38. Ng4 Qh5 39. Rd7 Rxc5 40. Qxc5
Bxc5+ 41. Kxc5 Qg5 42. Kd6 Kf8 43. Rxa7 Qd8+ 44. Kc6 Be8+ 45. Kc5 Qb8 46. Ra6
Bf7 47. Rb6 Qc7+ 48. Rc6 Qa5+ 49. Kd6 Qxa2 50. Kxe5 Qb2+ 51. Kxf4 Qb8+ 52. e5
Bd5 53. Rd6 Qb4+ 54. Kg3 Qc5 55. Rf6+ Ke7 56. Rd6 Be6 57. Rd3 Bxg4 58. fxg4
Qxe5+ 59. Kf3 Qb5 60. Re3+ Kf6 61. Re4 Qb7 62. Kf4 Qc7+ 63. Kf3 Kg5 64. Re3 Qc6+
65. Kf2 Kxg4 66. Rf3 Qc2+ 67. Kf1 Qc1+ 68. Kf2 Qd2+ 69. Kf1 Qc2 70. Kg1 Qe2 71.
Kh2 Qe1 72. Rh3 Qe5+ 73. Kg1 Qe1+ 74. Kh2 Qe5+ 75. Kg1 Qc7 76. Rf3 Qc1+ 77. Kh2
Qh6+ 78. Rh3 Qd6+ 79. Kg1 Qd1+ 80. Kh2 Qd6+ 81. Kg1 Qd2 82. Kh2 Qe1 83. Rf3 Qh4+
84. Kg1 Qe1+ 85. Kh2 Qe5+ 86. Kg1 Qd4+ 87. Kh1 Qd1+ 88. Kh2 Qd6+ 89. Kg1 Qc6 90.
Kh2 Qc7+ 91. Kg1 Qc1+ 92. Kh2 Qa1 93. Rg3+ Kf4 94. Rf3+ Ke4 95. Rh3 Qe1 96. Rf3
Qh4+ 97. Kg1 Qg5 98. Kh1 Qh5+ 99. Kg1 Qh4 100. Rh3 Qe1+ 101. Kh2 Kf4 102. Rf3+
Kg4 103. Rh3 1/2-1/2

[Event "Titled Tue 1st Jul Late"]
[Site "chess.com INT"]
[Date "2025.07.01"]
[Round "6"]
[White "Akhayan, Ruben"]
[Black "Miserendino, Alfredo"]
[Result "1/2-1/2"]
[WhiteTitle "FM"]
[WhiteElo "2265"]
[BlackElo "2032"]
[WhiteFideId "204439"]
[BlackFideId "101800"]
[EventDate "2025.07.01"]

1. Nf3 d5 2. d4 c5 3. c4 dxc4 4. d5 e6 5. Nc3 exd5 6. Qxd5 Nc6 7. e4 Nf6 8.
Qxd8+ Nxd8 9. Bxc4 Be7 10. O-O O-O 11. Bg5 h6 12. Bh4 Nc6 13. h3 Be6 14. Bb5
Rac8 15. Bxc6 Rxc6 16. e5 Nd5 17. Nxd5 Bxh4 18. Nxh4 Bxd5 19. Nf5 Re6 20. f4 Kh7
21. Rfd1 Bc6 22. Rac1 g5 23. g3 gxf4 24. gxf4 Rg8+ 25. Kf2 Rg2+ 26. Ke3 f6 27.
Rd6 Rxd6 28. exd6 Rxb2 29. Rxc5 Rb1 30. d7 Bxd7 31. Rc7 Kg6 32. Ne7+ Kf7 33.
Rxd7 Re1+ 34. Kf3 Rxe7 35. Rd8 Ke6 36. Rh8 Rc7 37. Rxh6 Rc2 38. a4 Rc3+ 39. Kg4
Ra3 40. Rh7 Rxa4 41. Rxb7 a5 42. Rb6+ Kf7 43. Kf5 Ra3 44. Rb7+ Ke8 45. Kxf6 Rxh3
46. Ra7 Rh6+ 47. Ke5 Kf8 48. Rxa5 Rb6 49. f5 Rc6 50. Ra7 Rb6 51. Rd7 Rc6 52. Kf4
Rb6 53. Kg5 Rc6 54. Rd8+ Kf7 55. Rh8 Rb6 56. Rh7+ Kf8 57. Rh1 Rc6 58. Re1 Rb6
59. Rd1 Rc6 60. Kf4 Rb6 61. Ke5 Rc6 62. Rb1 Ra6 63. Rb8+ Kf7 64. Rb7+ Kf8 65.
Kf4 Rc6 66. Kg5 Ra6 67. Rc7 Rb6 68. Rc5 Ra6 69. Re5 Rb6 70. Kh5 Rc6 71. Kg5 Rb6
72. Rc5 Kf7 73. Rc7+ Kf8 74. f6 Rb1 75. Kg6 Rg1+ 76. Kf5 Rf1+ 77. Ke6 Re1+ 78.
Kd6 Rd1+ 79. Ke5 Re1+ 80. Kd4 Rf1 81. Ke5 Re1+ 82. Kf4 Rf1+ 83. Kg5 Rg1+ 84. Kh4
Rf1 85. Rc6 Kf7 86. Kg5 Rg1+ 87. Kf5 Rf1+ 88. Ke5 Re1+ 89. Kd5 Rf1 90. Rc8 Rxf6
91. Ke5 Ra6 92. Rc7+ Kg6 93. Kd5 Kg5 94. Rg7+ Kf6 95. Rd7 Kg5 96. Rd8 Ra5+ 97.
Ke4 Ra4+ 98. Ke5 Ra5+ 99. Ke6 Ra6+ 100. Kf7 Ra7+ 101. Ke6 Ra6+ 102. Ke5 Ra5+
103. Ke4 Ra4+ 104. Kf3 Ra3+ 105. Ke2 Ra2+ 106. Rd2 Rxd2+ 107. Kxd2 1/2-1/2

[Event "Titled Tue 1st Jul Late"]
[Site "chess.com INT"]
[Date "2025.07.01"]
[Round "6"]
[White "Guerrero Cataldo, Juan Andres"]
[Black "Bazan Romero, Octavio Aaron"]
[Result "0-1"]
[WhiteTitle "CM"]
[BlackTitle "FM"]
[WhiteElo "2082"]
[BlackElo "2289"]
[WhiteFideId "3421260"]
[BlackFideId "20003943"]
[EventDate "2025.07.01"]

1. c4 c5 2. g3 d6 3. Bg2 Nc6 4. Nc3 Bd7 5. e3 Nh6 6. Nge2 Nf5 7. d4 cxd4 8. Nxd4
Nfxd4 9. exd4 g6 10. Be3 Bg7 11. O-O O-O 12. Qd2 Rc8 13. Rad1 Na5 14. b3 a6 15.
Bh6 b5 16. Bxg7 Kxg7 17. c5 Bf5 18. cxd6 Qxd6 19. Nd5 Nc6 20. Ne3 Bd7 21. Rfe1
Rfd8 22. Nd5 e6 23. Nb6 Rb8 24. Nxd7 Rxd7 25. d5 exd5 26. Qxd5 Qxd5 27. Rxd5
Rxd5 28. Bxd5 Nb4 29. Bf3 Nxa2 30. Ra1 Nb4 31. Rd1 Rc8 32. Rd7 Rc3 33. Bg4 Kf6
34. Rd6+ Ke7 35. Rd7+ Ke8 36. Ra7 Rxb3 37. Bc8 Rc3 38. Bxa6 Nxa6 39. Rxa6 b4 40.
Rb6 b3 41. Rb7 Kf8 42. Kg2 Kg7 43. h4 Kf6 44. Rb5 Ke6 45. Kf1 Kd6 46. Ke1 Kc6
47. Rb8 Kd5 48. Kd2 Rc2+ 49. Kd1 Rb2 50. Kc1 Rxf2 51. Rxb3 Ke4 52. Kd1 h5 53.
Ke1 Rc2 54. Kd1 Rg2 55. Ke1 Kf5 56. Kf1 Rc2 57. Rf3+ Ke6 58. Rf4 f6 59. Ra4 Kf5
60. Kg1 Re2 61. Kf1 Re4 62. Ra6 Re6 63. Ra4 Re4 64. Ra6 Re5 65. Ra4 Rd5 66. Kg2
Rd2+ 67. Kf3 Rd5 68. Rf4+ Ke5 69. Ra4 Rd3+ 70. Kg2 Rd4 71. Ra5+ Rd5 72. Ra4 Rd6
73. Ra5+ Ke6 74. Ra4 Kf7 75. Kf3 Re6 76. Ra7+ Re7 77. Ra5 Kg7 78. Ra6 Rf7 79.
Ra5 Re7 80. Ra6 Re5 81. Ra7+ Kh6 82. Ra6 Rf5+ 83. Kg2 Kg7 84. Ra7+ Kf8 85. Rb7
Re5 86. Ra7 Re7 87. Ra6 Kf7 88. Rb6 Kg7 89. Kf3 Rf7 90. Ra6 Kh6 91. Rb6 f5 92.
Kf4 Re7 93. Rc6 Re4+ 94. Kf3 Kg7 95. Ra6 Kf7 96. Rb6 Re6 97. Rb7+ Kf6 98. Rb5 g5
99. hxg5+ Kxg5 100. Rb8 Rg6 101. Rb4 Rd6 102. Rb8 Rd3+ 103. Kg2 Rd6 104. Rg8+
Rg6 105. Rb8 h4 106. gxh4+ Kf4+ 107. Kf2 Kg4 108. Rb4+ f4 109. h5 Rh6 110. Rb5
Rc6 111. Rb2 Rh6 112. Rb5 Rc6 113. Rb2 Rc3 114. h6 Rh3 115. Kg2 f3+ 116. Kg1 Kg3
117. Rb3 Rxh6 118. Ra3 Re6 119. Ra1 Re2 120. Rb1 Rg2+ 121. Kf1 Rh2 122. Kg1 f2+
123. Kf1 Rh1+ 0-1

[Event "Titled Tue 1st Jul Late"]
[Site "chess.com INT"]
[Date "2025.07.01"]
[Round "6"]
[White "Korchynskyi, Mykola"]
[Black "Tao, Sihan"]
[Result "1/2-1/2"]
[WhiteTitle "FM"]
[BlackTitle "FM"]
[WhiteElo "2335"]
[BlackElo "2202"]
[WhiteFideId "34138005"]
[BlackFideId "30982677"]
[EventDate "2025.07.01"]

1. d4 Nf6 2. c4 e6 3. Nc3 d5 4. Nf3 c5 5. e3 Nc6 6. cxd5 Nxd5 7. Bd3 cxd4 8.
exd4 Be7 9. O-O O-O 10. Be3 Nxc3 11. bxc3 b6 12. Rc1 Bb7 13. Qe2 Rc8 14. Rfd1
Na5 15. c4 Bf6 16. c5 bxc5 17. dxc5 Bd5 18. h3 Qd7 19. Nd4 Qa4 20. Bb5 Qxa2 21.
Qxa2 Bxa2 22. Ra1 Rxc5 23. Bf1 Bb3 24. Rxa5 Rxa5 25. Nxb3 Ra3 26. Nc5 Rc8 27.
Na6 h5 28. g3 Rc6 29. Nb8 Rc8 30. Nd7 Be7 31. Ne5 Bc5 32. Bxc5 Rxc5 33. Rd8+ Kh7
34. Nxf7 Rf5 35. Bd3 Rxd3 36. Rxd3 Rxf7 37. Rd6 Re7 38. Ra6 Kg6 39. Kg2 Kf5 40.
Kf3 g5 41. Ke3 Ke5 42. Ra5+ Kf6 43. Ke4 Rb7 44. Ra4 h4 45. gxh4 gxh4 46. Ke3
Rb3+ 47. Ke2 Rxh3 48. Rxa7 Rh1 49. Rh7 h3 50. Kf3 h2 51. Kg2 Rg1+ 52. Kxh2 Rg6
53. Kh3 Kf5 54. Rf7+ Ke4 55. Kh4 e5 56. Kh5 Rg2 57. Kh4 Kd3 58. Kh3 Rg8 59. Rd7+
Ke4 60. Rf7 Rg6 61. Rf8 Rg7 62. Rf6 Kd3 63. Re6 e4 64. Rf6 Ke2 65. Kh2 Kf1 66.
Kh3 Rg2 67. Re6 Rxf2 68. Rxe4 Re2 69. Rf4+ Ke1 70. Ra4 Kd2 71. Kg3 Re3+ 72. Kf2
Rc3 73. Rd4+ Rd3 74. Rh4 Rc3 75. Kf1 Kd3 76. Rh2 Rc2 77. Rh3+ Kd2 78. Kf2 Rc3
79. Rh7 Kd3 80. Rd7+ Kc2 81. Ke2 Rc4 82. Rd3 Re4+ 83. Re3 Rd4 84. Re8 Rd2+ 85.
Ke3 Rd3+ 86. Ke4 Rc3 87. Rd8 Kb3 88. Kd4 Rc4+ 89. Kd3 Rc3+ 90. Kd2 Rc2+ 91. Kd1
Rc3 92. Rb8+ Kc4 93. Kd2 Rd3+ 94. Kc2 Rc3+ 95. Kb2 Rd3 96. Rc8+ Kd4 97. Kc2 Rf3
98. Rd8+ Ke3 99. Kc3 Ke4+ 100. Kd2 Kf4 101. Re8 Ra3 102. Rf8+ Ke4 103. Kc2 Rf3
104. Re8+ Kd4 105. Rd8+ Ke4 106. Rd2 Ke3 107. Rd3+ Ke4 108. Rd8 Rf2+ 109. Kd1
Rh2 110. Ke1 Ke3 111. Kf1 Ra2 112. Kg1 Kf3 113. Rf8+ Kg3 114. Kf1 Ra1+ 115. Ke2
Ra2+ 116. Kd3 Ra3+ 117. Kc2 Ra2+ 118. Kb3 1/2-1/2

[Event "Titled Tue 1st Jul Late"]
[Site "chess.com INT"]
[Date "2025.07.01"]
[Round "6"]
[White "Villa Tornero, Alex"]
[Black "Rodriguez, Santiago"]
[Result "1-0"]
[WhiteTitle "FM"]
[BlackTitle "CM"]
[WhiteElo "2211"]
[BlackElo "2252"]
[WhiteFideId "54501091"]
[BlackFideId "3000591"]
[EventDate "2025.07.01"]

1. b3 Nf6 2. Bb2 g6 3. Nf3 Bg7 4. e3 O-O 5. c4 d6 6. Be2 e5 7. d4 e4 8. Nfd2 Re8
9. Nc3 c6 10. b4 d5 11. c5 b6 12. a4 bxc5 13. bxc5 Ba6 14. a5 h5 15. h3 Qc8 16.
O-O Qf5 17. Rb1 Qg5 18. Ba3 Bxe2 19. Qxe2 Nbd7 20. Rb7 Nf8 21. Rc7 Rec8 22. Rxc8
Rxc8 23. Qa6 Rc7 24. Rb1 Ne6 25. Ne2 Qf5 26. Rb7 Rxb7 27. Qxb7 g5 28. Qxa7 g4
29. h4 g3 30. Nxg3 Qg6 31. Qb8+ Kh7 32. a6 Ng4 33. a7 Nxd4 34. a8=Q Nxe3 35.
fxe3 Qxg3 36. Qg8+ Kh6 37. Qh8+ Kg6 38. exd4 Bxh8 39. Qxh8 Qxa3 40. Qg8+ Kh6 41.
Qg5+ Kh7 42. Qxh5+ Kg7 43. Qg5+ Kh7 44. Qf5+ Kg7 45. Nf1 Qa1 46. Qg5+ Kh7 47.
Qh5+ Kg7 48. Qg5+ Kh7 49. Qf6 Kg8 50. h5 e3 51. h6 Qxf1+ 52. Kxf1 e2+ 53. Ke1
Kf8 54. Kxe2 Ke8 55. Ke3 Kd7 56. Kf4 Kc8 57. Ke5 Kb7 58. Qxf7+ Ka6 59. Qe6 Kb5
60. g3 Kc4 61. g4 Kd3 62. g5 Ke3 63. Qf5 Ke2 64. Qf4 Kd3 65. Qf3+ Kc4 66. Qe2+
Kb4 67. Qb2+ Kc4 68. Qc2+ Kb4 69. Qd2+ Kc4 70. Qe2+ Kc3 71. Qa6 Kb4 72. Qb6+ Kc4
73. Qa5 Kb3 74. Qa1 Kc2 75. h7 Kb3 76. g6 Kc2 77. Kf4 Kb3 78. Qc1 Kb4 79. Qb2+
Kc4 80. Ke5 Kd3 81. Qc1 Ke2 82. Qc2+ Ke3 83. Qc3+ Ke2 84. Kf4 Kf2 85. Qd2+ Kg1
86. Ke5 Kf1 87. Kd6 Kg1 88. g7 Kf1 89. Kxc6 Kg1 90. Kxd5 Kf1 91. c6 Kg1 92. c7
Kf1 93. Qf4+ Ke2 94. Qg4+ Kd3 95. Qg3+ Ke2 96. Ke4 Kd2 97. Qd3+ Ke1 98. Qc3+ Kd1
99. Ke5 Ke2 100. d5 Kf2 101. d6 Ke2 102. Qd4 Kf3 103. Qe4+ Kf2 104. Qf4+ Ke2
105. Kf5 Ke1 106. d7 Ke2 107. Qe4+ Kf2 108. Qc2+ Ke3 109. Qc3+ Kf2 110. Kf4 Ke2
111. Qe3+ Kf1 112. Qd2 Kg1 113. Qe2 Kh1 114. Ke5 Kg1 115. d8=Q Kh1 116. c8=Q Kg1
117. g8=Q+ Kh1 118. h8=Q# 1-0

[Event "Titled Tue 1st Jul Late"]
[Site "chess.com INT"]
[Date "2025.07.01"]
[Round "7"]
[White "Burovic, Rijad"]
[Black "Mulawa, Cyprian"]
[Result "1-0"]
[WhiteTitle "IM"]
[BlackTitle "FM"]
[WhiteElo "2420"]
[BlackElo "2324"]
[WhiteFideId "14407701"]
[BlackFideId "21001855"]
[EventDate "2025.07.01"]

1. e4 c5 2. d3 d5 3. exd5 Qxd5 4. Nc3 Qd7 5. a4 Nc6 6. Nf3 b6 7. a5 Nxa5 8. d4
cxd4 9. Bb5 Nc6 10. Ne5 Nxe5 11. Bxd7+ Bxd7 12. Qxd4 Nc6 13. Qc4 Nf6 14. Nb5 Rc8
15. Qe2 a5 16. Nd6+ 1-0

[Event "Titled Tue 1st Jul Late"]
[Site "chess.com INT"]
[Date "2025.07.01"]
[Round "7"]
[White "Yang, Larry"]
[Black "Baches Garcia, Guillermo"]
[Result "0-1"]
[BlackTitle "IM"]
[WhiteElo "2017"]
[BlackElo "2305"]
[WhiteFideId "2637618"]
[BlackFideId "2209764"]
[EventDate "2025.07.01"]

1. e4 c5 2. Nf3 d6 3. Bb5+ Bd7 4. Bxd7+ Qxd7 5. O-O Nf6 6. Re1 Nc6 7. c3 e6 8.
d4 cxd4 9. cxd4 d5 10. e5 Ne4 11. Nbd2 Nxd2 12. Bxd2 Bb4 13. Rc1 Bxd2 14. Qxd2
O-O 15. Qg5 Rac8 16. a3 Ne7 17. h4 h6 18. Qe3 Rc4 19. Nd2 Nf5 20. Qh3 Rxd4 21.
Nf3 Rc4 22. g4 Nd4 23. Rxc4 dxc4 24. Rd1 Ne2+ 0-1

[Event "Titled Tue 1st Jul Late"]
[Site "chess.com INT"]
[Date "2025.07.01"]
[Round "7"]
[White "Tang, Zoey"]
[Black "Plichta, Kamil"]
[Result "0-1"]
[WhiteTitle "FM"]
[BlackTitle "FM"]
[WhiteElo "2356"]
[BlackElo "2361"]
[WhiteFideId "30952530"]
[BlackFideId "1141830"]
[EventDate "2025.07.01"]

1. e4 g6 2. d4 Bg7 3. Nc3 c5 4. Nf3 Qa5 5. Be3 Nf6 6. Qd2 Nc6 7. Bd3 Ng4 8. O-O
Nxe3 9. fxe3 cxd4 10. exd4 Nxd4 11. Bc4 Nxf3+ 12. Rxf3 Qc5+ 13. Kh1 Qxc4 14.
Raf1 0-1

[Event "Titled Tue 1st Jul Late"]
[Site "chess.com INT"]
[Date "2025.07.01"]
[Round "7"]
[White "Schmider, Niklas"]
[Black "Tica, Sven"]
[Result "1-0"]
[WhiteTitle "IM"]
[BlackTitle "IM"]
[WhiteElo "2421"]
[BlackElo "2442"]
[WhiteFideId "12993778"]
[BlackFideId "14526948"]
[EventDate "2025.07.01"]

1. e4 g6 2. d4 Bg7 3. Nc3 c6 4. Nf3 d5 5. h3 dxe4 6. Nxe4 Nf6 7. Nxf6+ exf6 8.
Bc4 O-O 9. O-O a5 10. a4 Na6 11. Bf4 Nc7 12. Qd2 Be6 13. Bxc7 Qxc7 14. Bxe6 fxe6
15. Rfe1 Rfe8 16. Re2 Rad8 17. Qc3 Kf7 18. Rae1 Rd5 19. Qb3 Re7 20. h4 h5 21. g3
Rd6 22. Nd2 Rxd4 23. Rxe6 1-0

[Event "Titled Tue 1st Jul Late"]
[Site "chess.com INT"]
[Date "2025.07.01"]
[Round "7"]
[White "Baker, Aidan"]
[Black "Noroozi, Omid"]
[Result "1-0"]
[BlackTitle "IM"]
[WhiteElo "2130"]
[BlackElo "2266"]
[WhiteFideId "30981565"]
[BlackFideId "12501190"]
[EventDate "2025.07.01"]

1. e4 c5 2. Nf3 d6 3. Bb5+ Nd7 4. O-O a6 5. Bxd7+ Bxd7 6. c3 g6 7. d4 cxd4 8.
cxd4 Bg7 9. Nc3 Nf6 10. Bf4 O-O 11. Qd2 Rc8 12. Bh6 b5 13. Bxg7 Kxg7 14. e5 dxe5
15. dxe5 Ne8 16. Rad1 Rc7 17. Nd5 Rb7 18. Nf4 Qb8 19. Nd4 Nc7 20. Rfe1 Be6 21.
Nfxe6+ Nxe6 22. Nxe6+ fxe6 23. Qd4 Rc7 24. Rd3 Rc4 25. Qd7 Qxe5 26. Rxe5 Rc1+
27. Rd1 1-0

[Event "Titled Tue 1st Jul Late"]
[Site "chess.com INT"]
[Date "2025.07.01"]
[Round "7"]
[White "Neklyudov, Viacheslav I."]
[Black "Milare, Tyron"]
[Result "1-0"]
[WhiteTitle "IM"]
[BlackTitle "FM"]
[WhiteElo "2432"]
[BlackElo "2248"]
[WhiteFideId "4125703"]
[BlackFideId "12987018"]
[EventDate "2025.07.01"]

1. e4 c6 2. d4 d5 3. e5 c5 4. dxc5 Nc6 5. Nf3 Bg4 6. c3 Nxe5 7. Nxe5 Bxd1 8.
Bb5+ Qd7 9. Bxd7+ Kd8 10. Kxd1 f6 11. Nf7+ Kxd7 12. Nxh8 e5 13. b4 Ke6 14. f4 e4
15. f5+ Kxf5 16. Nf7 Ke6 17. Nd6 b6 18. Bf4 g5 19. Bg3 f5 20. Nxf5 Kxf5 21. Rf1+
Ke6 22. Nd2 bxc5 23. bxc5 Bxc5 24. Nb3 Bb6 25. Nd4+ 1-0

[Event "Titled Tue 1st Jul Late"]
[Site "chess.com INT"]
[Date "2025.07.01"]
[Round "7"]
[White "Colville, Julian"]
[Black "Sturt, Raven"]
[Result "0-1"]
[WhiteTitle "FM"]
[BlackTitle "GM"]
[WhiteElo "2268"]
[BlackElo "2459"]
[WhiteFideId "30963273"]
[BlackFideId "2007304"]
[EventDate "2025.07.01"]

1. e4 e5 2. f4 Nc6 3. Nf3 Bc5 4. c3 f5 5. d4 fxe4 6. Nxe5 Bd6 7. Qh5+ g6 8. Nxg6
Nf6 9. Qh4 Rg8 10. Ne5 Qe7 11. Be2 Rxg2 12. Bh5+ Kf8 13. Be3 Nd5 14. Qh3 Nxe3
15. Qxe3 Qh4+ 16. Kf1 Rxb2 17. Be2 Bxe5 18. fxe5 d5 19. Kg2 Rxe2+ 20. Qxe2 Bh3+
21. Kg1 Ke7 0-1

[Event "Titled Tue 1st Jul Late"]
[Site "chess.com INT"]
[Date "2025.07.01"]
[Round "7"]
[White "Lisenkov, Svyatoslav"]
[Black "Bacrot, Etienne"]
[Result "0-1"]
[WhiteTitle "CM"]
[BlackTitle "GM"]
[WhiteElo "2283"]
[BlackElo "2633"]
[WhiteFideId "34264183"]
[BlackFideId "605506"]
[EventDate "2025.07.01"]

1. e4 c5 2. Nf3 d6 3. Nc3 Nc6 4. Be2 e5 5. O-O g6 6. Nd5 Bg7 7. c3 Nge7 8. d4
cxd4 9. cxd4 Nxd5 10. exd5 Nxd4 11. Nxd4 exd4 12. Bb5+ Bd7 13. Re1+ Kf8 14. Bxd7
Qxd7 15. Bf4 h6 16. Qe2 Bf6 17. Qd2 Kg7 18. Re4 Qf5 19. Rae1 Qxd5 20. Qb4 Rac8
21. Bxd6 a5 22. Qa3 Qxe4 0-1

[Event "Titled Tue 1st Jul Late"]
[Site "chess.com INT"]
[Date "2025.07.01"]
[Round "7"]
[White "Nifdaliyev, Jahangir"]
[Black "Cruz Mendez, Jean Marco"]
[Result "0-1"]
[WhiteTitle "FM"]
[BlackTitle "FM"]
[WhiteElo "2312"]
[BlackElo "2222"]
[WhiteFideId "13407740"]
[BlackFideId "3526402"]
[EventDate "2025.07.01"]

1. Nf3 c5 2. d4 cxd4 3. Nxd4 e5 4. Nb3 d5 5. g3 Nf6 6. Bg2 Nc6 7. O-O Be6 8. Bg5
Be7 9. c4 dxc4 10. N3d2 h6 11. Bxf6 Bxf6 12. Ne4 Be7 13. Qa4 O-O 14. Nbc3 a6 15.
Rfd1 Qc7 16. e3 b5 17. Qc2 Rad8 18. a3 Na5 19. Nd2 Nb7 20. e4 Nc5 21. Nd5 Bxd5
22. exd5 Nd3 23. b3 Qb6 24. Ne4 f5 25. bxc4 fxe4 26. Rxd3 exd3 27. Qxd3 bxc4 28.
Qxc4 Qd4 29. d6+ Qxc4 0-1

[Event "Titled Tue 1st Jul Late"]
[Site "chess.com INT"]
[Date "2025.07.01"]
[Round "7"]
[White "Shimanov, Aleksandr"]
[Black "Cieslak, Patryk"]
[Result "1-0"]
[WhiteTitle "GM"]
[BlackTitle "FM"]
[WhiteElo "2578"]
[BlackElo "2442"]
[WhiteFideId "4198603"]
[BlackFideId "21078882"]
[EventDate "2025.07.01"]

1. d4 d6 2. e4 e5 3. Nf3 Nd7 4. Nc3 Ngf6 5. h3 c6 6. a4 exd4 7. Nxd4 Nc5 8. Qf3
Qe7 9. Bd3 Nfxe4 10. O-O Nxc3 11. bxc3 Bd7 12. Bf4 O-O-O 13. a5 a6 14. Rab1 Qf6
15. Qg3 Be7 16. Rfe1 Nxd3 17. cxd3 Rhe8 18. Rxe7 Qxe7 19. Bxd6 Qf6 20. Bb8 1-0

[Event "Titled Tue 1st Jul Late"]
[Site "chess.com INT"]
[Date "2025.07.01"]
[Round "7"]
[White "Stevik, Patrik"]
[Black "Jing, Andrew"]
[Result "0-1"]
[WhiteTitle "FM"]
[BlackTitle "FM"]
[WhiteElo "2314"]
[BlackElo "2292"]
[WhiteFideId "14944812"]
[BlackFideId "30984076"]
[EventDate "2025.07.01"]

1. Nf3 Nf6 2. g3 b6 3. Bg2 Bb7 4. c4 e6 5. d3 d5 6. Ne5 Bd6 7. d4 Nbd7 8. Bf4
O-O 9. O-O Ne4 10. Nc3 Nxc3 11. bxc3 Bxe5 12. dxe5 Nc5 13. cxd5 Bxd5 14. f3 Bc4
15. Qc2 Qe8 16. h4 Rd8 17. h5 h6 18. Rfd1 Qb5 19. Bf1 a5 20. a4 Qa6 21. Be3 Bb3
22. Qb2 Rxd1 23. Ra3 Bc4 24. Kf2 Rfd8 25. g4 Qc8 26. g5 hxg5 27. Bxg5 Qd7 28. h6
gxh6 29. Bxh6 Rd2 30. Qc1 Nd3+ 31. Kg2 Nxc1 0-1

[Event "Titled Tue 1st Jul Late"]
[Site "chess.com INT"]
[Date "2025.07.01"]
[Round "7"]
[White "Rustamov, Rustam"]
[Black "Hauge, Lars Oskar"]
[Result "1-0"]
[WhiteTitle "FM"]
[BlackTitle "GM"]
[WhiteElo "2334"]
[BlackElo "2462"]
[WhiteFideId "13440110"]
[BlackFideId "1509276"]
[EventDate "2025.07.01"]

1. e4 c5 2. Nf3 d6 3. d4 cxd4 4. Nxd4 Nf6 5. Nc3 a6 6. a3 g6 7. f3 Bg7 8. Be3
Nc6 9. Qd2 O-O 10. O-O-O d5 11. exd5 Nxd5 12. Nxc6 bxc6 13. Bd4 e5 14. Bc5 Be6
15. Ne4 Re8 16. h4 h6 17. g4 Rb8 18. h5 g5 19. Bc4 Qd7 20. Rhe1 Red8 21. Qa5 Kh8
22. Bb3 Qb7 23. Bf2 Bf8 24. Bg3 Nf4 25. Rxd8 1-0

[Event "Titled Tue 1st Jul Late"]
[Site "chess.com INT"]
[Date "2025.07.01"]
[Round "7"]
[White "Arakelyan, Manvel"]
[Black "Mizzi, Jack"]
[Result "1-0"]
[WhiteTitle "FM"]
[BlackTitle "CM"]
[WhiteElo "2326"]
[BlackElo "2107"]
[WhiteFideId "13317415"]
[BlackFideId "5602521"]
[EventDate "2025.07.01"]

1. e4 e5 2. Nf3 Nc6 3. Nc3 Nf6 4. d4 exd4 5. Nxd4 Bb4 6. Nxc6 bxc6 7. Bd3 d5 8.
exd5 cxd5 9. O-O O-O 10. h3 h6 11. Qf3 c6 12. Bf4 Bd6 13. Ne2 Re8 14. Rad1 Rb8
15. b3 Ne4 16. Bxe4 dxe4 17. Qg3 Ba6 18. Rxd6 Qe7 19. Re1 Rb5 20. Bxh6 f5 21.
Re6 1-0

[Event "Titled Tue 1st Jul Late"]
[Site "chess.com INT"]
[Date "2025.07.01"]
[Round "7"]
[White "Reinecke, Katharina"]
[Black "Dilmukhametov, Artur"]
[Result "1-0"]
[WhiteTitle "WCM"]
[BlackTitle "FM"]
[WhiteElo "1921"]
[BlackElo "2276"]
[WhiteFideId "12929727"]
[BlackFideId "24179922"]
[EventDate "2025.07.01"]

1. d4 Nf6 2. Nf3 g6 3. g3 Bg7 4. Bg2 d6 5. O-O O-O 6. c4 c5 7. d5 e6 8. Nc3 exd5
9. Nxd5 Nxd5 10. cxd5 a6 11. Qc2 b5 12. a4 b4 13. Nd2 Re8 14. e4 Nd7 15. Nc4 Ne5
16. Nxe5 Rxe5 17. Bf4 Re8 18. Rac1 Bb7 19. b3 Qd7 20. Rfe1 Re7 21. e5 Bxe5 22.
Bxe5 Rxe5 23. Rxe5 dxe5 24. Qxc5 Rc8 25. Qe3 Rxc1+ 26. Qxc1 Kf8 27. Qc5+ Qe7 28.
d6 Qd7 29. Qxe5 Bxg2 30. Kxg2 Qb7+ 31. f3 Qd7 32. Qh8# 1-0

[Event "Titled Tue 1st Jul Late"]
[Site "chess.com INT"]
[Date "2025.07.01"]
[Round "7"]
[White "Al Busaidi, Hamood"]
[Black "Andrade, Ivan"]
[Result "1-0"]
[WhiteTitle "CM"]
[BlackTitle "FM"]
[WhiteElo "2028"]
[BlackElo "2144"]
[WhiteFideId "22006230"]
[BlackFideId "14800039"]
[EventDate "2025.07.01"]

1. e4 c5 2. Nf3 d6 3. d4 cxd4 4. Nxd4 Nf6 5. Nc3 a6 6. Bg5 e6 7. Qd2 Be7 8.
O-O-O Qc7 9. f4 Nbd7 10. Be2 b5 11. Bf3 Rb8 12. Rhe1 e5 13. Nf5 Bf8 14. Nxd6+
Bxd6 15. Qxd6 Qxd6 16. Rxd6 exf4 17. e5 Ng8 18. e6 fxe6 19. Rexe6+ Kf7 20. Bd5
Ndf6 21. Rxf6+ 1-0

[Event "Titled Tue 1st Jul Late"]
[Site "chess.com INT"]
[Date "2025.07.01"]
[Round "7"]
[White "Gogolev, Artem"]
[Black "Bukreev, Stanislav"]
[Result "0-1"]
[WhiteTitle "IM"]
[BlackTitle "FM"]
[WhiteElo "2240"]
[BlackElo "2305"]
[WhiteFideId "4116615"]
[BlackFideId "34252347"]
[EventDate "2025.07.01"]

1. d4 Nf6 2. Nf3 d5 3. c4 e6 4. g3 Bb4+ 5. Nbd2 O-O 6. Bg2 b6 7. O-O Bb7 8. cxd5
exd5 9. a3 Be7 10. b4 a5 11. b5 c6 12. Qa4 cxb5 13. Qxb5 Nbd7 14. Ne5 Nxe5 15.
dxe5 Nd7 16. Bxd5 Ba6 17. Qb2 Nxe5 18. Bxa8 Qxa8 19. Qxb6 Bf6 20. Qxa5 Nc6 21.
Qc5 Bxa1 22. Ne4 Bd4 23. Qd5 Bxe2 24. Re1 Bf3 25. Nf6+ Bxf6 26. Qxf3 Nd4 0-1

[Event "Titled Tue 1st Jul Late"]
[Site "chess.com INT"]
[Date "2025.07.01"]
[Round "7"]
[White "Stoica, Savas Marin"]
[Black "Mafra, Kaiser Luiz"]
[Result "1/2-1/2"]
[BlackTitle "CM"]
[WhiteElo "2092"]
[BlackElo "2076"]
[WhiteFideId "464309"]
[BlackFideId "2106698"]
[EventDate "2025.07.01"]

1. d4 Nf6 2. c4 g6 3. Nc3 Bg7 4. e4 O-O 5. Nf3 d6 6. Be2 e5 7. d5 Na6 8. Bg5 h6
9. Bh4 g5 10. Bg3 Nh5 11. h4 Nxg3 12. fxg3 g4 13. Nd2 h5 14. Nf1 f5 15. exf5
Bxf5 16. Ne3 Bg6 17. Bd3 Qe8 18. Bxg6 Qxg6 19. Qc2 Qh6 20. Nf5 Qh7 21. Ne7+ Kh8
22. Ng6+ Kg8 23. Ne7+ Kh8 24. Ng6+ Kg8 25. Ne7+ 1/2-1/2